logo

Bir Sreshtho Munshi Abdur Rouf Library
Jhenaidah Cadet College

বাংলাদেশের উশরা বা ফসলের যাকাত গুরুত্ব ও প্রয়োগ / (Record no. 6309)

MARC details
000 -LEADER
fixed length control field 00813nam a2200205 a 4500
001 - CONTROL NUMBER
JCCL Control Number 6309
003 - CONTROL NUMBER IDENTIFIER
JCCL marc code BD-JhCC
005 - DATE AND TIME OF LATEST TRANSACTION
control field 20180121101626.0
008 - FIXED-LENGTH DATA ELEMENTS--GENERAL INFORMATION
fixed length control field 180121s2003 bg |||| ||a| 000 0 ben d
035 ## - SYSTEM CONTROL NUMBER
system control number (BD-JhCC)6309
040 ## - CATALOGING SOURCE
Original cataloging agency BD-JhCC
Modifying agency BD-JhCC
041 ## - LANGUAGE CODE
Language code of Book ben
082 ## - DEWEY DECIMAL CLASSIFICATION NUMBER
Classification number 297
Author mark and Year JAH 2003
100 ## - MAIN ENTRY--PERSONAL NAME
Personal name জাহাঙ্গীর, খোন্দকার আব্দুল্লাহ
245 ## - TITLE STATEMENT
Title বাংলাদেশের উশরা বা ফসলের যাকাত গুরুত্ব ও প্রয়োগ /
Statement of responsibility, etc খোন্দকার আব্দুল্লাহ জাহাঙ্গীর
260 ## - PUBLICATION, DISTRIBUTION, ETC. (IMPRINT)
Place of publication, distribution, etc ঝিনাইদহ :
Name of publisher, distributor, etc আস-সুন্নাহ পাবলিকেশন্স,
Date of publication, distribution, etc 2003.
300 ## - PHYSICAL DESCRIPTION
Pagination 239 p. :
Dimensions 22 cm.
942 ## - ADDED ENTRY ELEMENTS (KOHA)
Source of classification or shelving scheme Dewey Decimal Classification
Koha item type Books
Holdings
Source of classification or shelving scheme Damaged status Not for loan Home library Current library Shelving location Date of accession Cost, normal purchase price Total Checkouts Full call number Barcode Date last seen Date checked out Copy number Koha item type
Dewey Decimal Classification     JCC Rouf Library JCC Rouf Library General Stacks 01/21/2018 175.00 1 297 JAH 2003 526 09/13/2018 09/13/2018 C-1 Books

JCC Library | Contacts | JCC Home

Last Update on 23 September 2017
Copyright @ 2017-2020 JCC Rouf Library
Rouf Library, Jhenidah Cadet College (JCC), Bangladesh